00529nam a2200181Ia 4500003000900000008004100009020001800050040001600068080001600084100001400100245010400114260003300218300001700251650001900268650001900287650002200306650001900328IN-BaIIA211028s9999 xx 000 0 eng d a0-306-31115-1 cIIA Library a539.18bPRO aHanle, W. 0aProgress in atomic spectroscopebpt. AcW. Hanle  aNew YorkbPlenum Pressc1978 axxxvi, 712p. aAtomic physics aAtomic spectra aMolecular physics aNASA thesaurus